00462nam a2200121Ia 4500008004100000100001800041245007700059245006600136260005300202260000900255650001500264856006100279170221s9999 xx 000 0 und d aAzham Hussain 4aThe Role of Requirements in the Success or Failure of Software Projects  cAzham Hussain, Emmanuel O.C. Mkpojiogu, Fazillah Mohmad Kamal bInternational Review of Management and Marketing c2013 xMarketing. uhttp://www.econjournals.com/index.php/irmm/issue/view/91